000
00294nam a2200133Ia 4500
008
230917s9999||||xx |||||||||||||| ||und||
040
_e
139022
_a
MAIN
041
_a
English
082
_a
823.7 D555H
100
_a
Dickens, Charles
245
0
_a
Hard times
300
_a
303p p.
942
_c
BK
999
_c
199802
_d
199802